000 00453nam a2200193Ia 4500
003 GCL
008 140319s9999 xx 000 0 eng d
040 _aGCL /
_cGCL
082 0 4 _a962.16
_bA C
100 1 _aABOU-BAKR, ADEL
245 1 0 _aLE GRAND CAIRE /
_cABOU-BAKR, ADEL
260 _a[S.N] :
_bREPUBLIQUE AROBE D'EGYPTE
300 _a73 P P
650 0 4 _aEGYPT
650 0 4 _aCAIRO
650 0 4 _aPICTURES
650 0 4 _aBOOKS
942 _2ddc
_cBK
999 _c16847
_d16847